000 01522nam a22001457a 4500
999 _c525049
_d525049
008 240208b ||||| |||| 00| 0 eng d
100 _aDunn, Claire
_948438
245 _aSubnational politics and redistribution in a federal system: Determinants of progressive social spending in Brazilian states
260 _aPublius: The Journal of Federalism
300 _a52(2), Spring, 2022: p.283-309
520 _aWhat role do subnational governments play in shaping a country’s redistributive efforts? Existing literature suggests that federalism can be a hindrance to redistribution. Such negative effects may be particularly true of Latin America’s federations due to high levels of regional inequality and malapportioned political institutions. However, in order to fully understand redistribution in federal systems in Latin America, we need to examine not only how subnational governments affect centralized redistributive efforts, but also what efforts these subnational governments are making themselves. In this article, I contribute to our understanding of subnational social spending in Latin America’s largest federation, Brazil. My results suggest that, in Brazil, state governments are constrained actors, but they do pursue different levels of redistributive social spending with higher levels being more likely under left parties. – Reproduced https://academic.oup.com/publius/article/52/2/283/6352735
773 _aPublius: The Journal of Federalism
906 _aFEDERALISM
942 _cAR